Gods and Godman of India/ (Record no. 63742)

MARC details
000 -LEADER
fixed length control field 00552nam a22001457a 4500
005 - DATE AND TIME OF LATEST TRANSACTION
control field 2012021600430.0
020 ## - INTERNATIONAL STANDARD BOOK NUMBER
International Standard Book Number 817223533
Terms of availability 295.00
035 ## - SYSTEM CONTROL NUMBER
System control number B-115311
037 ## - SOURCE OF ACQUISITION
Stock number DPL
Source of stock number/acquisition ENG
100 ## - MAIN ENTRY--PERSONAL NAME
Personal name Khushwant Singh
245 ## - TITLE STATEMENT
Title Gods and Godman of India/
Statement of responsibility, etc by Khushwant Singh
260 ## - PUBLICATION, DISTRIBUTION, ETC. (IMPRINT)
Place of publication, distribution, etc New Delhi
Name of publisher, distributor, etc Harper Collins Publishers India
Date of publication, distribution, etc 2005
300 ## - PHYSICAL DESCRIPTION
Extent xiii,295p.
Dimensions 23 cms.
942 ## - ADDED ENTRY ELEMENTS (KOHA)
Source of classification or shelving scheme Dewey Decimal Classification
Item type English Books
Classification part 080
Call number suffix CON

No items available.


© Delhi Public Library
Hit Counter
free hit counter